Scrambled “W” Words - Statistics

General Stats
  • This quiz has been taken 22 times
  • The average score is 23 of 36
Answer Stats
Hint Answer % Correct
taesw waste
100%
leweh wheel
100%
wcihh which
100%
irdzaw wizard
95%
emwno women
95%
pallrpeaw wallpaper
90%
nlwtua walnut
90%
owdul would
90%
lhweo whole
85%
eidkwc wicked
85%
eodwon wooden
85%
ecpkoodwer woodpecker
80%
iwrnnga warning
75%
irwrroa warrior
75%
crcfttaiwh witchcraft
75%
tinwih within
70%
teehwra weather
65%
rnfoeluwd wonderful
65%
whtige weight
60%
hodlthwi withhold
60%
opwishr worship
60%
bewdroar wardrobe
55%
tnsewsi witness
55%
elhlwseao wholesale
50%
wistebe website
45%
lehcwrahie wheelchair
45%
saewitsr waitress
40%
wafrttnreo waterfront
40%
diraeeswdp widespread
35%
lodreiwdw worldwide
35%
gwrakeec wreckage
35%
elrwsies wireless
30%
rahdiltwwa withdrawal
30%
ndiahrwtw withdrawn
30%
siwlgnter wrestling
30%
whrspoko workshop
25%
No matching quizzes found
Score Distribution
Percent of People with Each Score
Percentile by Number Answered
Your Score History
You have not taken this quiz